Derecho penal econm̤ico y de la empresa

Bibliographic Details
Main Author: Lascuran̕ Sǹchez, Juan Antonio
Other Authors: de la Mata Barranco, Norberto J.
Format: eBook
Language:Spanish
Published: Madrid: Dykinson, 2018
Subjects:
Online Access:Acceso restringido

MARC

LEADER 00000nam a22000007a 4500
005 20181109232539.0
007 cr|||| ||||
008 181109s2018 es |||||s|||| 00||0 spa d
020 |a 978-84-9148-732-6 
035 |a 22361 
040 |a vLex 
090 |c 8289  |d 8289 
100 1 |a Lascuran̕ Sǹchez, Juan Antonio 
245 1 0 |a Derecho penal econm̤ico y de la empresa  |h [Recurso electrn̤ico] /  |c Juan Antonio Lascuran̕ Sǹchez, Norberto J. de la Mata Barranco 
256 |a Servicio en ln̕ea 
260 |a Madrid:  |b Dykinson,  |c 2018 
300 |a 1 recurso electrn̤ico 
500 |a Que este libro se llame Derecho penal econm̤ico y de la empresa refleja que no est ̀claro qu ̌es el Derecho penal econm̤ico, o “socioeconm̤ico”, que es el adjetivo que aparece en nuestro Cd̤igo Penal. Una mencin̤ esta que tampoco nos saca de dudas, pues los delitos socioeconm̤icos son una parte indeterminada de un macrott̕ulo en el que conviven con los patrimoniales y que no engloba delitos indubitadamente econm̤icos, como los de defraudacin̤ tributaria. No sabemos muy bien qu ̌son o hasta dn̤de alcanzan los delitos econm̤icos pero s ̕que no obstante son objeto de especial preocupacin̤ social y atencin̤ judicial y acadm̌ica. La sociedad est ̀alarmada por la delincuencia econm̤ica y los cada vez ms̀ minuciosos y brillantes estudios doctrinales no hacen sino reflejar dicha consternacin̤ y tratar de paliarla con nuevas propuestas legislativas o con mejores lecturas de los tipos penales existentes. Preocupa la delincuencia econm̤ica y de la empresa como delincuencia “de ricos”, de “cuello blanco”, rasgo criminolg̤ico que resta comprensin̤ y suma indignacin̤ a la irregularidad movida por el lucro. Preocupa tambiň por su imbricacin̤ en la corrupcin̤ pb︢lica: por la percepcin̤ de que ciertos delitos econm̤icos terminan haciendo tambalear nuestras instituciones democrt̀icas. Y preocupa tambiň, ahora acadm̌icamente y en un cierto sentido inversamente, el que tal preocupacin̤ provoque una reaccin̤ normativa e interpretativa que debilite las asentadas garanta̕s sustantivas y procesales. 
506 1 |a Disponible solo en los productos indicados  |d vLex Global  |d vLex Global (Academic Edition, excluding Law Schools)  |d vLex Global (U.S. Academic Edition, Law Schools)  |d vLex Global (U.S. Academic Edition, excluding Law Schools)  |d vLex Global (Academic Edition, Law Schools) 
650 0 4 |a Derecho Penal  |z Espaą 
700 1 |a de la Mata Barranco, Norberto J. 
740 0 |a vLex Libros (Servicio en ln̕ea) 
856 4 0 |u http://vlex.com/source/22361  |z Acceso restringido 
942 |c BOOK 
999 0 |a Criminal law